| 000 | 00629cam a2200205 4500 | ||
|---|---|---|---|
| 001 | 231 | ||
| 005 | 20181127160932.0 | ||
| 008 | 931130s1993 txu d 001 0 eng | ||
| 010 | _a 92070632 | ||
| 020 | _a0030549825 | ||
| 100 | 1 |
_aAbrams, M. H. _q(Meyer Howard), _d1912- |
|
| 245 | 1 | 2 |
_aA glossary of literary terms / _cM. H. Abrams. |
| 250 | _a6th ed. | ||
| 260 |
_aFort Worth : _bHarcourt Brace Jovanovich College Publishers, _cc1993. |
||
| 300 |
_aix, 301 p. ; _c24 cm. |
||
| 500 | _aIncludes index. | ||
| 650 | 0 |
_aCriticism _xTerminology. |
|
| 650 | 0 |
_aEnglish language _xTerms and phrases. |
|
| 650 | 0 |
_aLiterature _xTerminology. |
|
| 999 |
_c210 _d210 |
||